[Event "V Open Estate Vomero"]
[Site "Napoli ITA"]
[Date "2011.05.12"]
[Round "2"]
[White "Solombrino, Giovanni"]
[Black "Borrelli, Salvatore"]
[Result "1/2-1/2"]
[WhiteElo "1838"]
[BlackElo "1968"]
[PlyCount "101"]
[EventDate "2011.05.06"]

1. e4 e6 2. d4 d5 3. Nd2 c5 4. c3 cxd4 5. cxd4 Nc6 6. Ngf3 Bb4 7. exd5 Qxd5 8.
a3 Ba5 9. b4 Bb6 10. Bc4 Qd8 11. Nb3 Nf6 12. Bg5 h6 13. Bxf6 Qxf6 14. O-O O-O
15. Qd3 Rd8 16. Rad1 Nxd4 17. Nbxd4 e5 18. Qe4 exd4 19. Bd3 g6 20. Rfe1 Bd7 21.
Qxb7 Bc6 22. Qe7 Qxe7 23. Rxe7 Bxf3 24. gxf3 Kf8 25. Ree1 Re8 26. Rxe8+ Rxe8
27. Rc1 Ke7 28. Re1+ Kd8 29. Re4 f5 30. Rxe8+ Kxe8 31. h3 Ke7 32. Kg2 Kf6 33.
f4 Bc7 34. Kf3 Bd6 35. Bc4 Ke7 36. Bg8 Kf8 37. Bc4 Ke7 38. Bg8 Kf6 39. Bc4 g5
40. fxg5+ hxg5 41. Ke2 a5 42. bxa5 Bxa3 43. a6 Bc5 44. Kd3 Ke5 45. Bb5 Kf4 46.
Bc6 Ke5 47. Bd7 Kf4 48. Bc6 Ba7 49. Bb7 g4 50. hxg4 Kxg4 51. f3+ 1/2-1/2

[Event "V Open Estate Vomero"]
[Site "Napoli ITA"]
[Date "2011.05.12"]
[Round "2"]
[White "Sparice, Lorenzo"]
[Black "Miccoli, Livio"]
[Result "0-1"]
[WhiteElo "1374"]
[BlackElo "1671"]
[PlyCount "50"]
[EventDate "2011.05.06"]

1. d4 Nf6 2. c4 d6 3. d5 g6 4. Nc3 Bg7 5. h3 O-O 6. e4 e6 7. f4 Re8 8. Bd3 exd5
9. cxd5 Bf5 10. Qf3 Qe7 11. Kf2 Nxe4+ 12. Bxe4 Bxe4 13. Qxe4 Qxe4 14. Nxe4 Rxe4
15. Kf3 f5 16. Ne2 Nd7 17. Nc3 Re7 18. Be3 Nb6 19. Bxb6 axb6 20. Rae1 Rae8 21.
Rxe7 Rxe7 22. Na4 Bd4 23. g3 Re3+ 24. Kg2 Re2+ 25. Kf3 Rf2# 0-1

[Event "V Open Estate Vomero"]
[Site "Napoli ITA"]
[Date "2011.05.19"]
[Round "3"]
[White "Angelotti, Mario"]
[Black "Petteruti, Antonio"]
[Result "1-0"]
[WhiteElo "1820"]
[BlackElo "1485"]
[PlyCount "93"]
[EventDate "2011.05.06"]

1. e4 e6 2. d4 d5 3. Nd2 Ne7 4. c4 Bd7 5. exd5 exd5 6. Qb3 dxc4 7. Bxc4 Be6 8.
Ngf3 Bd5 9. O-O b6 10. Re1 Bxc4 11. Nxc4 Nbc6 12. Nce5 Nxe5 13. Nxe5 Qd5 14.
Qxd5 Nxd5 15. Ng6+ Be7 16. Nxh8 O-O-O 17. Nxf7 Rf8 18. Ne5 Bf6 19. Bd2 a5 20.
Rac1 h6 21. a3 g5 22. b4 axb4 23. axb4 h5 24. Ra1 Kb7 25. b5 g4 26. Nc6 Rf7 27.
Ra7+ Kc8 28. Re8+ Kd7 29. Rg8 Ne7 30. Rd8+ Ke6 31. Re8 Kd5 32. Rxc7 Nxc6 33.
Rxf7 Bxd4 34. bxc6 Kxc6 35. Be3 Bxe3 36. Rxe3 b5 37. Rc3+ Kb6 38. Rf5 h4 39.
Rb3 Kc6 40. Rbxb5 h3 41. Rh5 hxg2 42. Rbg5 Kd7 43. Rh6 Ke7 44. Rg7+ Kf8 45. Ra7
Kg8 46. Kxg2 g3 47. Kxg3 1-0

[Event "V Open Estate Vomero"]
[Site "Napoli ITA"]
[Date "2011.05.19"]
[Round "3"]
[White "Borrelli, Salvatore"]
[Black "Condorelli, Pietro"]
[Result "1-0"]
[WhiteElo "1968"]
[BlackElo "1512"]
[PlyCount "125"]
[EventDate "2011.05.06"]

1. d4 Nf6 2. Nf3 e6 3. e3 b6 4. Bd3 d6 5. O-O Bb7 6. c4 c5 7. Nc3 Be7 8. e4
cxd4 9. Nxd4 e5 10. Nf5 Bf8 11. Bg5 h6 12. Bxf6 Qxf6 13. Ne3 Nc6 14. Ned5 Qd8
15. Nb5 Rc8 16. f4 a6 17. Nbc3 Nd4 18. fxe5 dxe5 19. Qh5 Bxd5 20. Nxd5 Rc7 21.
Qxe5+ Ne6 22. Nxc7+ Qxc7 23. Qxc7 Nxc7 24. Be2 Bc5+ 25. Kh1 O-O 26. Bg4 Ne8 27.
e5 Bd4 28. e6 Nf6 29. exf7+ Kh7 30. Be6 Ne4 31. Rad1 Nf2+ 32. Rxf2 Bxf2 33. Rd7
Bc5 34. g4 g6 35. a3 a5 36. Kg2 Kg7 37. Kf3 Kf6 38. Bd5 Ke5 39. h4 Bd4 40. Re7+
Kf6 41. Re8 Bc5 42. Ke4 Kg7 43. Ke5 Bf2 44. h5 Bg3+ 45. Ke4 gxh5 46. gxh5 Bh4
47. b4 axb4 48. axb4 Be1 49. c5 Bxb4 50. cxb6 Bd6 51. b7 Bh2 52. Kd3 Bf4 53.
Kc4 Bh2 54. Kb5 Bd6 55. Kc6 Bb8 56. Kd7 Ba7 57. Kc8 Rxf7 58. Bxf7 Kxf7 59. Re2
Kf6 60. Ra2 Bd4 61. b8=Q Be5 62. Rf2+ Ke6 63. Re2 1-0

[Event "V Open Estate Vomero"]
[Site "Napoli ITA"]
[Date "2011.05.19"]
[Round "3"]
[White "Buiano, Fabio"]
[Black "Gallo, Thomas Renato"]
[Result "1-0"]
[WhiteElo "2108"]
[BlackElo "1881"]
[PlyCount "55"]
[EventDate "2011.05.06"]

1. e4 e5 2. d4 exd4 3. Qxd4 Nc6 4. Qe3 Qe7 5. Nc3 Nb4 6. Bd3 c6 7. Nf3 Nf6 8.
O-O Nxd3 9. Qxd3 Ng4 10. Bf4 f6 11. e5 Qb4 12. Bd2 Qc5 13. exf6 Nxf6 14. Rfe1+
Kf7 15. b4 Qh5 16. Re5 Qg6 17. Qc4+ d5 18. Nxd5 Qg4 19. Nf4+ Nd5 20. Rxd5 cxd5
21. Qxd5+ Ke8 22. Re1+ Be7 23. Ne5 Qf5 24. g4 Qf6 25. Nh5 Qf8 26. Re4 g5 27.
Rc4 Qg8 28. Rxc8+ 1-0

[Event "V Open Estate Vomero"]
[Site "Napoli ITA"]
[Date "2011.05.19"]
[Round "3"]
[White "Caiazzo, Diego"]
[Black "Pinto, Gaetano"]
[Result "0-1"]
[WhiteElo "1854"]
[BlackElo "2027"]
[PlyCount "94"]
[EventDate "2011.05.06"]

1. Nf3 Nf6 2. b3 g6 3. Bb2 Bg7 4. g3 d6 5. Bg2 e5 6. O-O Nbd7 7. c4 c6 8. d4
Qc7 9. Nc3 O-O 10. dxe5 dxe5 11. Qc2 Re8 12. e4 a5 13. Na4 b6 14. Rad1 Bf8 15.
Rd2 Nc5 16. Nxc5 Bxc5 17. Ne1 Nd7 18. Nd3 Bf8 19. Rfd1 Nc5 20. Nxc5 Bxc5 21.
Qd3 Bg4 22. Bf3 Be6 23. Qe2 h5 24. h4 f6 25. Qd3 a4 26. Qc2 axb3 27. axb3 Ra2
28. Qc1 Qe7 29. Qb1 Rea8 30. Bc3 R2a3 31. Qb2 b5 32. b4 Rxc3 33. bxc5 Rxf3 34.
Rd6 bxc4 35. Rxc6 c3 36. Qe2 Bg4 37. Qc4+ Kg7 38. Rcd6 Qa7 39. Rb6 Rc8 40. Rdb1
Rc7 41. Ra6 Qxc5 42. Qxc5 Rxc5 43. Rb7+ Kf8 44. Raa7 c2 45. Rf7+ Ke8 46. Rh7
c1=Q+ 47. Kg2 Rxf2+ 0-1

[Event "V Open Estate Vomero"]
[Site "Napoli ITA"]
[Date "2011.05.19"]
[Round "3"]
[White "Capone, Vincenzo"]
[Black "Messina, Enrico"]
[Result "1-0"]
[WhiteElo "2128"]
[BlackElo "2127"]
[PlyCount "49"]
[EventDate "2011.05.06"]

1. d4 c5 2. d5 e5 3. e4 d6 4. Bb5+ Bd7 5. a4 Be7 6. Ne2 Bg5 7. f4 exf4 8. Nxf4
Nh6 9. Ne6 fxe6 10. Qh5+ Nf7 11. dxe6 O-O 12. exf7+ Rxf7 13. Bxg5 Qe8 14. Bc4
Be6 15. Qe2 Nc6 16. Nd2 Nd4 17. Qd3 d5 18. Bb5 Qb8 19. c3 Nxb5 20. axb5 Qe5 21.
Be3 dxe4 22. Qxe4 Qd6 23. O-O-O Bf5 24. Qc4 Bd3 25. Ne4 1-0

[Event "V Open Estate Vomero"]
[Site "Napoli ITA"]
[Date "2011.05.19"]
[Round "3"]
[White "De Rosa, Francesco"]
[Black "Seletsky, Grigory"]
[Result "0-1"]
[WhiteElo "1962"]
[BlackElo "2296"]
[PlyCount "66"]
[EventDate "2011.05.06"]

1. e4 c5 2. Nf3 d6 3. d4 cxd4 4. Nxd4 Nf6 5. Nc3 a6 6. Be2 e5 7. Nb3 Be6 8. Bg5
Nbd7 9. f3 Be7 10. Qd2 O-O 11. O-O-O b5 12. g4 Qc7 13. Kb1 b4 14. Nd5 Bxd5 15.
exd5 Rfb8 16. Qe3 a5 17. h4 a4 18. Nc1 Ra5 19. Bd3 a3 20. Nb3 Ra7 21. Rh2 axb2
22. Kxb2 Nb6 23. Bxf6 Bxf6 24. g5 e4+ 25. gxf6 Qc3+ 26. Kc1 exd3 27. Re1 Raa8
28. Rg2 g6 29. Rd2 Nc4 30. Qxd3 Nxd2 31. Qxd2 Qxf6 32. Re4 Rxa2 33. Rf4 Ra1+
0-1

[Event "V Open Estate Vomero"]
[Site "Napoli ITA"]
[Date "2011.05.19"]
[Round "3"]
[White "De Rosa, Mariagrazia"]
[Black "Saccone, Fabio"]
[Result "0-1"]
[WhiteElo "2113"]
[BlackElo "2308"]
[PlyCount "84"]
[EventDate "2011.05.06"]

1. e4 c5 2. Nf3 d6 3. d4 Nf6 4. Nc3 cxd4 5. Qxd4 a6 6. e5 Nc6 7. Qa4 Nd7 8.
exd6 Nb6 9. dxe7 Bxe7 10. Qe4 O-O 11. Bd3 f5 12. Qe2 Bf6 13. O-O Bxc3 14. bxc3
Re8 15. Bg5 Qd7 16. Qd2 Qf7 17. Rfe1 Be6 18. Nd4 h6 19. Rxe6 Rxe6 20. Nxe6 Qxe6
21. Re1 Qf7 22. Be3 Nc4 23. Bxc4 Qxc4 24. Bb6 Qxa2 25. Qd7 Qf7 26. Qd3 a5 27.
h4 a4 28. Ra1 Ne5 29. Qb5 Nc4 30. Bd4 a3 31. Rb1 a2 32. Ra1 Na3 33. Qb2 Nc4 34.
Qb3 Nd2 35. Qb5 Ra6 36. Qe5 Kh7 37. Qf4 Nc4 38. g4 Na3 39. gxf5 Nxc2 40. c4
Qxc4 41. f6 Rxf6 42. Qe4+ Rg6+ 0-1

[Event "V Open Estate Vomero"]
[Site "Napoli ITA"]
[Date "2011.05.19"]
[Round "3"]
[White "Di Lorenzo, Beniamino"]
[Black "De Meo, Guido"]
[Result "0-1"]
[WhiteElo "1386"]
[BlackElo "1826"]
[PlyCount "86"]
[EventDate "2011.05.06"]

1. e4 c5 2. Nc3 Nc6 3. d3 d6 4. g3 Nf6 5. Bg2 Bg4 6. Nf3 g6 7. Bg5 Bg7 8. O-O
Nd4 9. Re1 O-O 10. Nd5 Qd7 11. c3 Ne6 12. Bxf6 exf6 13. d4 cxd4 14. cxd4 Ng5
15. Nc3 Rfe8 16. e5 dxe5 17. Ne4 Nxe4 18. Rxe4 f5 19. Rxe5 Bxe5 20. dxe5 Qxd1+
21. Rxd1 Rxe5 22. Nxe5 Bxd1 23. Bxb7 Rb8 24. Bd5 Rxb2 25. Bxf7+ Kg7 26. Bc4 Rb1
27. Bd3 Ra1 28. Kg2 Rxa2 29. Bc4 Ra1 30. Nd3 a5 31. Nb2 Bc2 32. Bb5 Ra2 33. Nc4
Be4+ 34. Kf1 a4 35. Nd6 Bc2 36. Ne8+ Kf8 37. Nf6 h6 38. Nd7+ Ke7 39. Ne5 Kf6
40. Nd7+ Kg7 41. Nc5 a3 42. Ne6+ Kf6 43. Kg2 Rb2 0-1

[Event "V Open Estate Vomero"]
[Site "Napoli ITA"]
[Date "2011.05.19"]
[Round "3"]
[White "Di Meo, Antonio"]
[Black "Gallina, Giacomo"]
[Result "1-0"]
[WhiteElo "1981"]
[BlackElo "1698"]
[PlyCount "71"]
[EventDate "2011.05.06"]

1. b3 e5 2. Bb2 Nc6 3. e3 d5 4. Bb5 Be6 5. f4 f6 6. Nf3 Bg4 7. fxe5 fxe5 8.
Bxc6+ bxc6 9. O-O Nf6 10. Qe1 Be7 11. Nc3 O-O 12. Qh4 Bd7 13. Rae1 c5 14. e4 d4
15. Ne2 Bb5 16. d3 Bd7 17. h3 a5 18. Nd2 Bd6 19. a4 Qe8 20. Ng3 Rb8 21. Bc1 Be7
22. Nf5 Bxf5 23. Rxf5 Nd5 24. Rxf8+ Qxf8 25. Qg4 Ne3 26. Qe6+ Kh8 27. Nf3 Rb6
28. Qxe5 Bd6 29. Qh5 Nxc2 30. Ng5 h6 31. Rf1 Qg8 32. Nf7+ Kh7 33. Nxh6 Bh2+ 34.
Kxh2 g6 35. Qe5 Ne3 36. Nxg8 1-0

[Event "V Open Estate Vomero"]
[Site "Napoli ITA"]
[Date "2011.05.19"]
[Round "3"]
[White "Miccoli, Livio"]
[Black "Scalera, Salvatore"]
[Result "1/2-1/2"]
[WhiteElo "1671"]
[BlackElo "1473"]
[PlyCount "89"]
[EventDate "2011.05.06"]

1. e4 c5 2. Nc3 d6 3. g3 Nf6 4. Bg2 e6 5. Nge2 Nc6 6. d3 Be7 7. O-O O-O 8. Be3
d5 9. exd5 exd5 10. d4 c4 11. Bg5 Be6 12. Re1 h6 13. Be3 Bb4 14. h3 Qd7 15. Kh2
Ne4 16. Bxe4 dxe4 17. d5 Ne5 18. dxe6 Nf3+ 19. Kh1 Qxe6 20. Nf4 Qc8 21. Nxe4
Nxe1 22. c3 Qc6 23. Nd5 Rad8 24. cxb4 Rxd5 25. Qxe1 Rh5 26. f3 Re8 27. Kh2 Rhe5
28. Qc3 f5 29. Bd4 R5e7 30. Bc5 Re6 31. Nf2 b5 32. b3 f4 33. g4 Re3 34. Bxe3
Rxe3 35. Qd4 Qxf3 36. Qd8+ Kh7 37. Qh4 g5 38. Qh5 Qxf2+ 39. Kh1 Re7 40. h4 Re1+
41. Rxe1 Qxe1+ 42. Kg2 Qe2+ 43. Kg1 f3 44. Qf7+ Kh8 45. Qf8+ 1/2-1/2

[Event "V Open Estate Vomero"]
[Site "Napoli ITA"]
[Date "2011.05.19"]
[Round "3"]
[White "Somma, Andrea"]
[Black "Esposito, Rosario"]
[Result "1/2-1/2"]
[WhiteElo "1590"]
[BlackElo "1841"]
[PlyCount "78"]
[EventDate "2011.05.06"]

1. e4 c5 2. Nf3 e6 3. Bc4 a6 4. a4 Nc6 5. c3 d5 6. exd5 exd5 7. Qe2+ Be6 8. Bb3
c4 9. Bc2 Be7 10. h3 Qd7 11. d3 h6 12. dxc4 dxc4 13. Nbd2 Nf6 14. Nxc4 Bxc4 15.
Qxc4 O-O 16. O-O Na5 17. Qe2 Qc7 18. b4 Nc4 19. Bb3 Nb6 20. Bb2 Rfe8 21. a5
Nbd5 22. Qc4 Qxc4 23. Bxc4 Rac8 24. Nd2 Bd6 25. Rfd1 Be5 26. Rac1 Nxb4 27. cxb4
Bxb2 28. Rc2 Be5 29. Rdc1 Rcd8 30. Nf3 Bb8 31. b5 axb5 32. Bxb5 Re6 33. Rc8
Red6 34. Rxd8+ Rxd8 35. Rb1 Ne4 36. Re1 Nc3 37. Bc4 Rd1 38. Rxd1 Nxd1 39. Bd5
Bc7 1/2-1/2

[Event "V Open Estate Vomero"]
[Site "Napoli ITA"]
[Date "2011.05.19"]
[Round "3"]
[White "Somma, Erminio"]
[Black "Sparice, Lorenzo"]
[Result "0-1"]
[WhiteElo "1678"]
[BlackElo "1374"]
[PlyCount "76"]
[EventDate "2011.05.06"]

1. d4 d5 2. Nf3 Nf6 3. e3 e6 4. Bd3 c5 5. c3 c4 6. Bc2 Nbd7 7. O-O Be7 8. Ne5
Nxe5 9. dxe5 Nd7 10. f4 b5 11. b4 Bb7 12. Nd2 a5 13. a3 axb4 14. cxb4 Bxb4 15.
Bb2 Bc5 16. Qe2 Qb6 17. Rfe1 d4 18. exd4 Bxd4+ 19. Bxd4 Qxd4+ 20. Qf2 Qxf2+ 21.
Kxf2 O-O 22. Be4 Nc5 23. Bxb7 Nxb7 24. Ne4 Rfd8 25. Reb1 Ra5 26. Nc3 Rd2+ 27.
Kg1 Nc5 28. Nxb5 Nb3 29. Rd1 Rxb5 30. Rab1 Rxd1+ 31. Rxd1 g6 32. Rd8+ Kg7 33.
Rc8 Na5 34. Ra8 Rd5 35. a4 Rc5 36. Rb8 c3 37. Rb1 c2 38. Rc1 Nb3 0-1

[Event "V Open Estate Vomero"]
[Site "Napoli ITA"]
[Date "2011.05.19"]
[Round "3"]
[White "Vannini, Aldo"]
[Black "Accardo, Francesco"]
[Result "0-1"]
[WhiteElo "1807"]
[BlackElo "1874"]
[PlyCount "43"]
[EventDate "2011.05.06"]

1. d4 b5 2. e3 Bb7 3. Nd2 g5 4. Nb3 a5 5. Nc5 Qc8 6. Bxb5 Bxg2 7. Nf3 Bxh1 8.
Ne5 Nf6 9. Bc4 e6 10. Ng4 Qd8 11. b3 Bxc5 12. dxc5 Nxg4 13. Qxg4 Qf6 14. Rb1
Bf3 15. Qg3 Nc6 16. Bb2 e5 17. Bb5 O-O-O 18. Bxc6 Qxc6 19. Bxe5 Rhe8 20. Bd4 f5
21. Kd2 Rg8 22. c4 0-1

[Event "V Open Estate Vomero"]
[Site "Napoli ITA"]
[Date "2011.05.19"]
[Round "3"]
[White "Zinnai, Graziano Matteo"]
[Black "Solombrino, Giovanni"]
[Result "1/2-1/2"]
[WhiteElo "1836"]
[BlackElo "1838"]
[PlyCount "146"]
[EventDate "2011.05.06"]

1. e4 c5 2. Nf3 Nc6 3. d3 g6 4. c3 Bg7 5. Be2 d6 6. O-O Nf6 7. Nbd2 O-O 8. Re1
b6 9. Nf1 Bb7 10. Ng3 e6 11. h3 Rc8 12. Be3 d5 13. e5 Nd7 14. d4 cxd4 15. cxd4
f6 16. exf6 Nxf6 17. Qd2 Qe7 18. Rac1 Qb4 19. Bd3 Nd7 20. Qxb4 Nxb4 21. Bb1
Rxc1 22. Rxc1 Rc8 23. Rxc8+ Bxc8 24. Ne2 e5 25. Nxe5 Nxe5 26. dxe5 Bxe5 27. Bd4
Bd6 28. Nc3 Nc6 29. Nb5 Bc5 30. Bxc5 bxc5 31. Nc3 Be6 32. a3 c4 33. Ba2 d4 34.
Ne4 d3 35. Nd2 Na5 36. f4 Kf8 37. Nb1 Nc6 38. Kf2 Nd4 39. Nd2 Ne2 40. Bxc4 Bxc4
41. Nxc4 Nxf4 42. Kf3 Ne6 43. Ke3 Ke7 44. g3 Ng5 45. h4 Ne6 46. Kxd3 Nc5+ 47.
Kd4 Ne6+ 48. Kd5 Ng7 49. g4 h5 50. Ne5 hxg4 51. Nxg4 Nf5 52. Ne5 Nxh4 53. Nc6+
Kd7 54. Nxa7 Nf5 55. Nb5 g5 56. Ke5 Ne3 57. b3 Kc6 58. Nd4+ Kc5 59. Ne6+ Kb5
60. Nd4+ Kc5 61. b4+ Kb6 62. Ke4 Nc4 63. a4 Nd2+ 64. Kf5 Nb1 65. Kxg5 Nc3 66.
a5+ Ka6 67. Nc6 Kb5 68. Nd4+ Ka6 69. Ne6 Nd5 70. Nc5+ Kb5 71. a6 Kxb4 72. a7
Nb6 73. Nd7 Na8 1/2-1/2

[Event "V Open Estate Vomero"]
[Site "Napoli ITA"]
[Date "2011.05.26"]
[Round "4"]
[White "Accardo, Francesco"]
[Black "Zinnai, Graziano Matteo"]
[Result "0-1"]
[WhiteElo "1874"]
[BlackElo "1836"]
[PlyCount "52"]
[EventDate "2011.05.06"]

1. g4 e5 2. Bg2 h5 3. d4 exd4 4. g5 Nc6 5. Nf3 Bc5 6. O-O d5 7. b4 Nxb4 8. Nxd4
Ne7 9. Nb3 Bb6 10. a3 Nbc6 11. Nc3 Be6 12. Na4 Qd6 13. Bb2 Nf5 14. e4 dxe4 15.
Qe2 Qf4 16. Kh1 Ncd4 17. Nxd4 Nxd4 18. Qxe4 Qxe4 19. Bxe4 O-O-O 20. Nxb6+ axb6
21. f4 Bf5 22. Rae1 Rhe8 23. Bg2 Nxc2 24. Re5 Rxe5 25. fxe5 Ne3 26. Rg1 Nxg2
0-1

[Event "V Open Estate Vomero"]
[Site "Napoli ITA"]
[Date "2011.05.26"]
[Round "4"]
[White "Angelotti, Mario"]
[Black "Miccoli, Livio"]
[Result "1-0"]
[WhiteElo "1820"]
[BlackElo "1671"]
[PlyCount "107"]
[EventDate "2011.05.06"]

1. e4 e6 2. d4 d5 3. Nd2 Nf6 4. e5 Nfd7 5. Bd3 c5 6. c3 Nc6 7. Ne2 Be7 8. Nf3
O-O 9. Qc2 f5 10. Ng3 Rf7 11. Bf4 c4 12. Be2 Nf8 13. h4 Ng6 14. Qd2 Nxf4 15.
Qxf4 g6 16. Ng5 Rg7 17. Qe3 h6 18. Nh3 Kh7 19. f4 Bxh4 20. Ng5+ Bxg5 21. fxg5
h5 22. Bxh5 gxh5 23. Nxh5 Rxg5 24. Nf6+ Kg6 25. Qh3 Kf7 26. Qh4 Rg6 27. Qh5 Ne7
28. Nh7 Qg8 29. O-O-O Qg7 30. g4 Ng8 31. gxf5 exf5 32. Ng5+ Ke7 33. Nf3 Be6 34.
Nh4 Qh6+ 35. Qxh6 Rxh6 36. Rdg1 Kf7 37. Nf3 Rxh1 38. Rxh1 Ke7 39. Rh7+ Kd8 40.
Rxb7 Bd7 41. Ng5 Kc8 42. Rb4 Rb8 43. e6 Rxb4 44. exd7+ Kxd7 45. cxb4 Nf6 46. a4
Ne4 47. Nxe4 dxe4 48. Kd2 f4 49. b5 Kd6 50. a5 Kd5 51. a6 Kd6 52. b6 f3 53.
bxa7 f2 54. Ke2 1-0

[Event "V Open Estate Vomero"]
[Site "Napoli ITA"]
[Date "2011.05.26"]
[Round "4"]
[White "Caiazzo, Diego"]
[Black "Somma, Andrea"]
[Result "1-0"]
[WhiteElo "1854"]
[BlackElo "1590"]
[PlyCount "111"]
[EventDate "2011.05.06"]

1. Nf3 d5 2. b3 Nf6 3. Bb2 e6 4. g3 g6 5. Bg2 Bg7 6. O-O O-O 7. d4 Nbd7 8. Nbd2
b6 9. c4 Bb7 10. Rc1 Ne4 11. Qc2 Rc8 12. e3 f5 13. Ne5 Nxe5 14. dxe5 c5 15.
Rfd1 Qc7 16. f4 Nxd2 17. Rxd2 dxc4 18. Qxc4 Rce8 19. Rcd1 Bxg2 20. Kxg2 Qc6+
21. Kf2 b5 22. Qe2 a6 23. Rd6 Qc8 24. Qd2 Rf7 25. Qa5 Bf8 26. Rxa6 Rd7 27. Rxd7
Qxd7 28. Ra7 Qd3 29. Qc3 Qd1 30. Qe1 Rd8 31. Qxd1 Rxd1 32. Bc3 Rc1 33. Bd2 Rh1
34. Kg2 Rd1 35. Rd7 c4 36. bxc4 Bb4 37. Bxb4 Rxd7 38. cxb5 Rb7 39. a4 Kf7 40.
Bc5 Rc7 41. Bd6 Rb7 42. Kf3 Ke8 43. Ke2 Kd7 44. Bb4 Kc7 45. Ba5+ Kc8 46. Bc3
Ra7 47. a5 Rb7 48. b6 Kd7 49. Kd3 Kc6 50. Kc4 Rd7 51. Bd4 Kb7 52. Kb5 Rd5+ 53.
Bc5 Rd1 54. a6+ Ka8 55. Kc6 Rc1 56. b7+ 1-0

[Event "V Open Estate Vomero"]
[Site "Napoli ITA"]
[Date "2011.05.26"]
[Round "4"]
[White "Caporali, Dante"]
[Black "Vannini, Aldo"]
[Result "1/2-1/2"]
[WhiteElo "1568"]
[BlackElo "1807"]
[PlyCount "107"]
[EventDate "2011.05.06"]

1. d4 e6 2. c4 d5 3. Nc3 a6 4. e3 Nf6 5. Nf3 Nbd7 6. Bd3 dxc4 7. Bxc4 b5 8. Bd3
Bb7 9. a3 c5 10. O-O Qc7 11. Be2 Bd6 12. h3 O-O 13. Bd2 c4 14. Rc1 Nb6 15. Nb1
Qe7 16. Nc3 Rac8 17. Re1 Ne4 18. Nxe4 Bxe4 19. Bc3 Rfd8 20. Ba5 Bc7 21. Nd2 Bg6
22. Bf3 Na4 23. Bc3 e5 24. Bb4 Qf6 25. Bc3 exd4 26. exd4 Qd6 27. Nf1 Bb6 28.
Be4 Bxd4 29. Bxg6 Qxg6 30. Qc2 Nxc3 31. bxc3 Bc5 32. Qxg6 hxg6 33. Ra1 Rc6 34.
a4 b4 35. cxb4 Bxb4 36. Reb1 a5 37. Ne3 Rd2 38. Rd1 Rxd1+ 39. Rxd1 c3 40. Rc1
Rd6 41. Kf1 Rd2 42. Rc2 Rxc2 43. Nxc2 Kf8 44. Ke2 Ke7 45. Kd3 Kd6 46. Ne3 Ke5
47. Nd1 f5 48. g3 g5 49. Nxc3 Bxc3 50. Kxc3 Kd5 51. Kd3 g6 52. f3 Kc5 53. Kc3
Kd5 54. Kd3 1/2-1/2

[Event "V Open Estate Vomero"]
[Site "Napoli ITA"]
[Date "2011.05.26"]
[Round "4"]
[White "Condorelli, Pietro"]
[Black "Colli, Roberto"]
[Result "1/2-1/2"]
[WhiteElo "1512"]
[BlackElo "1788"]
[PlyCount "73"]
[EventDate "2011.05.06"]

1. e4 c5 2. Nf3 d6 3. Bb5+ Bd7 4. Bxd7+ Nxd7 5. O-O Ngf6 6. Re1 e6 7. d4 cxd4
8. Qxd4 Be7 9. Nc3 a6 10. h3 O-O 11. Ne2 Rc8 12. c3 Nc5 13. Ng3 b5 14. e5 dxe5
15. Qxe5 Nd3 16. Qe2 Nxe1 17. Qxe1 Qb6 18. Be3 Bc5 19. Nd4 Nd5 20. Ne4 Nxe3 21.
Nxc5 Qxc5 22. fxe3 Rfd8 23. Qg3 Rd5 24. Re1 Rg5 25. Qf4 Qe5 26. Qf2 Qg3 27. Qe2
Rcc5 28. Nf3 Rg6 29. Rd1 Rd5 30. Rf1 Qxh3 31. Qf2 Rh5 32. Nh4 f6 33. Qf3 Rxh4
34. Qa8+ Kf7 35. Qb7+ Ke8 36. Qc8+ Ke7 37. Qc7+ 1/2-1/2

[Event "V Open Estate Vomero"]
[Site "Napoli ITA"]
[Date "2011.05.26"]
[Round "4"]
[White "Della Corte, Alessandro"]
[Black "Capone, Vincenzo"]
[Result "1-0"]
[WhiteElo "2253"]
[BlackElo "2128"]
[PlyCount "115"]
[EventDate "2011.05.06"]

1. d4 Nf6 2. c4 e6 3. Nc3 Bb4 4. e3 d5 5. a3 Bxc3+ 6. bxc3 c5 7. Bd3 Nc6 8.
cxd5 exd5 9. Ne2 O-O 10. O-O Re8 11. Ng3 Bd7 12. f3 h5 13. Ra2 Qc8 14. Re2 h4
15. Nh1 Bf5 16. Nf2 Bxd3 17. Qxd3 cxd4 18. cxd4 Qd7 19. Bb2 Rac8 20. e4 dxe4
21. fxe4 Rcd8 22. e5 Ng4 23. e6 Rxe6 24. Nxg4 Rxe2 25. Qxe2 Nxd4 26. Bxd4 Qxd4+
27. Kh1 Qd5 28. h3 Qd7 29. Qf2 Qe7 30. Qxa7 f5 31. Nh2 Rd3 32. Qb8+ Kh7 33. Qf4
g6 34. Nf3 Rxa3 35. Ng5+ Kg8 36. Qc4+ Kg7 37. Qxh4 Re3 38. Qd4+ Qe5 39. Qxe5+
Rxe5 40. Rb1 b5 41. Kg1 Kf6 42. Nf3 Rd5 43. h4 Ke6 44. Kf2 Kd6 45. Ke3 Kc5 46.
Rc1+ Kb4 47. Rc6 Ka3 48. Ra6+ Kb2 49. Rxg6 b4 50. h5 b3 51. h6 Ka2 52. Ra6+ Kb1
53. Nd2+ Kc2 54. Rc6+ Kb2 55. Nxb3 Kxb3 56. h7 f4+ 57. Kxf4 Rh5 58. Rc7 1-0

[Event "V Open Estate Vomero"]
[Site "Napoli ITA"]
[Date "2011.05.26"]
[Round "4"]
[White "Di Lorenzo, Beniamino"]
[Black "Somma, Erminio"]
[Result "0-1"]
[WhiteElo "1386"]
[BlackElo "1678"]
[PlyCount "118"]
[EventDate "2011.05.06"]

1. e4 c6 2. d4 d5 3. Nc3 dxe4 4. Nxe4 Bf5 5. Nc3 Nd7 6. Nf3 Qc7 7. Bd3 Bxd3 8.
Qxd3 e6 9. O-O Bd6 10. Re1 Ne7 11. Ne4 Bf4 12. Bxf4 Qxf4 13. Rad1 O-O 14. Neg5
Qf5 15. Qe3 h6 16. Ne4 Nd5 17. Qb3 b5 18. c4 bxc4 19. Qxc4 Ne7 20. Qb4 Nd5 21.
Qd6 Nb8 22. Nc5 a5 23. Re5 Qf6 24. Nd7 Qd8 25. Qxf8+ Qxf8 26. Nxf8 Kxf8 27. Nd2
Nd7 28. Re4 c5 29. dxc5 Nxc5 30. Re5 Nd3 31. Rh5 Nxb2 32. Rb1 Nd3 33. Rh3 N3f4
34. Rhb3 Nb4 35. a3 Nc6 36. Kf1 Rd8 37. Nc4 Kg8 38. Rb6 Ne7 39. Nxa5 Rd3 40.
Nc4 Rc3 41. Ne5 Rxa3 42. Rb8+ Kh7 43. Nxf7 Nfg6 44. Re8 Ra6 45. g3 Nf5 46. Re1
Nd4 47. h4 Nf3 48. R1xe6 Ra1+ 49. Kg2 Nfxh4+ 50. Kh3 Rh1+ 51. Kg4 h5+ 52. Kg5
Nf3+ 53. Kf5 Nd4+ 54. Kg5 Nxe6+ 55. Rxe6 Nf8 56. Ra6 Rg1 57. Kxh5 Rh1+ 58. Kg5
Rh2 59. Ra2 Ne6+ 0-1

[Event "V Open Estate Vomero"]
[Site "Napoli ITA"]
[Date "2011.05.26"]
[Round "4"]
[White "Esposito, Rosario"]
[Black "De Meo, Guido"]
[Result "1-0"]
[WhiteElo "1841"]
[BlackElo "1826"]
[PlyCount "117"]
[EventDate "2011.05.06"]

1. d4 d5 2. c4 c6 3. Nf3 Nf6 4. Nc3 e6 5. Bg5 Be7 6. e3 Nbd7 7. Qc2 O-O 8. cxd5
exd5 9. Bd3 h6 10. Bh4 Re8 11. O-O g5 12. Bg3 Nh5 13. Be5 Bf6 14. Bxf6 Ndxf6
15. Ne5 Be6 16. f4 gxf4 17. exf4 Ng4 18. Qe2 f5 19. Qf3 Ngf6 20. Qh3 Qc8 21.
Be2 Ng7 22. Qxh6 Qd8 23. Rad1 Bf7 24. Rd3 Re6 25. Rh3 Nfh5 26. Qh8+ Kxh8 27.
Nxf7+ Kg8 28. Nxd8 Rxd8 29. Bxh5 Rh6 30. Bd1 Rg6 31. Re3 Ne6 32. Rfe1 Nxf4 33.
Bf3 c5 34. Re8+ Rxe8 35. Rxe8+ Kf7 36. Rd8 Ke7 37. Rb8 cxd4 38. Nxd5+ Nxd5 39.
Bxd5 b6 40. Rb7+ Kd6 41. Bf3 Kc5 42. Rxa7 Rd6 43. Rf7 Kc4 44. Rxf5 d3 45. Rf4+
Kc5 46. Bd1 Re6 47. Kf2 d2 48. b4+ Kb5 49. Rd4 Rf6+ 50. Ke3 Re6+ 51. Kxd2 Rf6
52. a4+ Ka6 53. Re4 Rd6+ 54. Ke1 Rg6 55. g4 Rh6 56. Re2 Rh4 57. b5+ Kb7 58. g5
Rd4 59. g6 1-0

[Event "V Open Estate Vomero"]
[Site "Napoli ITA"]
[Date "2011.05.26"]
[Round "4"]
[White "Gallo, Thomas Renato"]
[Black "Gallina, Giacomo"]
[Result "1-0"]
[WhiteElo "1881"]
[BlackElo "1698"]
[PlyCount "47"]
[EventDate "2011.05.06"]

1. d4 c5 2. d5 d6 3. c4 Nf6 4. Nc3 e5 5. e4 Be7 6. Be2 O-O 7. Bd2 a6 8. Nf3 Ne8
9. Qb3 f5 10. O-O-O fxe4 11. Nxe4 Nf6 12. Bd3 Nbd7 13. h3 Nxe4 14. Bxe4 Nf6 15.
Bb1 Qe8 16. g4 b5 17. Ng5 bxc4 18. Qxc4 Rb8 19. Qc2 g6 20. Bc3 Bd7 21. Qd2 c4
22. Ne6 Bxe6 23. dxe6 Ne4 24. Bxe4 1-0

[Event "V Open Estate Vomero"]
[Site "Napoli ITA"]
[Date "2011.05.26"]
[Round "4"]
[White "Messina, Enrico"]
[Black "Borrelli, Salvatore"]
[Result "1-0"]
[WhiteElo "2127"]
[BlackElo "1968"]
[PlyCount "31"]
[EventDate "2011.05.06"]

1. e4 e5 2. d4 exd4 3. Qxd4 Nc6 4. Qe3 Bb4+ 5. Nc3 Nf6 6. Bd2 O-O 7. O-O-O d6
8. Qg3 Ne5 9. f3 Be6 10. Nh3 Nh5 11. Qf2 Bc5 12. Be3 Bxe3+ 13. Qxe3 Nc4 14.
Bxc4 Bxc4 15. e5 Qh4 16. Rd4 1-0